Star Wars: Revenge of the Sith - Statistics

General Stats
  • This quiz has been taken 100 times
  • The average score is 30 of 40
Answer Stats
Hint Answer % Correct
On the observation deck, where the Chancellor is held hostage, Obi-Wan and Anakin fight this Sith Lord. Although he manages to knock Obi-Wan unconscious, he is subsequently beheaded by Anakin at the insistence of the Chancellor, who says he is too dangerous to be kept alive Count {Dooku}
96%
Right before the Jedi is about to kill the Chancellor, declaring him to be too dangerous to be kept alive, Anakin intervenes, causing the Chancellor to kill the Jedi. The Chancellor then bestows this Sith title onto Anakin, completing his transformation to the Dark Side Darth {Vader}
92%
After the fight, with ship begins to plummet into the planet. With all of the escape pods jettisoned, the Jedi are forced to land the ship. The Jedi are successful even after the ship breaks in two, causing Obi-Wan to say this "Another Happy {Landing}"
90%
Upset that he was not chosen for the job, Anakin complains to the Chancellor. The Chancellor then reveals that his alter ego is this, making him the Sith Lord that the Jedi were looking for Darth {Sidious}
88%
Meanwhile, Obi-Wan is dispatched to the Separatist hideout, where after confirming that the planet harbors the enemy's leadership, he engages in a duel with this Confederate general who is trained to kill Jedi General {Grievous}
88%
After sneaking aboard Padme's ship, Obi-Wan duels with Anakin. The duel ends when Obi-Wan declares this, which prompts Anakin to charge Obi-Wan and get his legs severed and his non-mechanical arm severed. Anakin's body lands near a bank of lava, where he is severely burned "It's Over Anakin, I Have The {High Ground}"
88%
With the Clone Wars declared over, the Chancellor declares the formation of this new Galactic organization, overtaking the previous Galactic Republic Galactic {Empire}
87%
On Polis Massa, Padme, who was choked unconscious by Anakin in anger, awakens to give birth to twins. She then dies shortly after. Name one of the twins Luke Skywalker | Leia Organa
87%
With the fighting over, Anakin learns from his wife, Padme, that she is this. Anakin is happy about this, but Padme is worried with what would happen if her relationship with Anakin were to be revealed Pregnant
87%
On the Separatist hideout, Obi-Wan recovers his lightsaber, which he dropped in his duel earlier. This Clone Commander, who just gave Obi-Wan it then orders a AT-TE to shoot at Obi-Wan and his mount, Boga, causing them to fall into a watery pit Commander {Cody}
86%
Although he was told to remain at the temple, Anakin contemplates that the Chancellor is the only one who could save Padme, this prompts him to visit the Chancellor. However, he discovers that the Chancellor was overpowered by this purple-lightsaber wielding Jedi Master Mace Windu
86%
The Chancellor then issues this order to the Grand Army of the Republic, which is to kill all Jedi Order {66}
86%
On the Wookie home world, this Jedi Grandmaster narrowly escapes execution after he decapitates Clone Commander Gree and Clone Trooper Jek who were about to shoot him. The Grandmaster then is able to escape the planet Yoda
83%
In the duel, Obi-Wan is almost killed by the general, but manages to gain the upper hand after using this weapon to combust the general's organs, which causes him to implode. Obi-Wan then declares this weapon to be "So uncivilized" A Blaster
82%
The Confederacy of Independent Systems launches a surprise attack above this planet, which is the capital of the Galactic Republic in order to kidnap the Chancellor Battle of {Coruscant}
82%
Meanwhile, Anakin moves on to this volcanic planet in the Outer Rim, where the remnants of the Confederate leadership are taking refuge after being commanded to do so earlier Mustafar
82%
In the Republican capital, the Chancellor sends Anakin to this building, which is the home of the Jedi. While there, with the help of his clone division, he slaughters all Jedi he sees, including Younglings Jedi {Temple}
81%
Before departing, Obi-Wan learns that this man, who was his former Master wants to communicate with him on the way to become a Force Ghost Qui-Gon Jinn
81%
Obi-Wan then brings the other twin to this desert planet to be watched over by him and Anakin's extended family Tatooine
81%
On board a Venator-class Star Destroyer, the Emperor and his apprentice watch the construction of this super weapon alongside future Grand Moff Tarkin Death Star
79%
After crash landing into the hangar of the Confederate flagship, Anakin and Obi-Wan get stuck in this while traveling to where the Chancellor is held. This requires them to get the assistance of R2-D2 to reactivate this Elevator
79%
After receiving visions of his Wife's death in childbirth, Anakin meets with the Chancellor. Breaking with Jedi Custom, the Chancellor appoints Anakin as his personal representative on this Jedi ruling body, although Anakin is not a Jedi Master Jedi {Council}
79%
Wanting to see what is going on, this senator approaches one of the landing pads on the building. While being told to leave by a group of Clone Troopers led by Commander Appo, Jedi Padawan, Zett Jukassa ambushes the clones, killing and wounding several of them before being killed. In the commotion, the senator flees Bail Organa
78%
On Mygeeto, Felucia, Saleucami, and Cato Neimoidia, the order is executed, leading to the deaths of these Jedi. Name one of them Ki-Adi-mundi | Aayla Secura | Plo Koon | Stass Allie
75%
At the opera "Squid Lake," Anakin reveals to the Chancellor that the Masters asked him to spy on him through his new position. Attempting to sway Anakin further to the Dark Side, the Chancellor tells him about the story of this Sith Lord, who could save people from death only because he used powers the Jedi would not teach Darth {Plagueis} The Wise
74%
Anakin informs the Jedi that the Chancellor is a Sith Lord, prompting the Jedi to send a task force of Jedi Masters to arrest him. Within seconds of declaring their intentions, the Chancellor kills two Jedi immediately, before killing another one shortly after. Name one of the three Jedi Masters who Palpatine killed within a short time Agen Kolar | Saesee Tiin | Kit Fisto
73%
It is rumored that Padme was killed by this Sith Lord, who used her life in order to save his apprentice's while he was undergoing an operation to be put into a suit that will help him breath. Give the real name of this Sith Lord Sheev Palpatine
73%
Knowing that the twins will not be safe if their parentage is revealed, one of them is adopted by the aforementioned senator and is raised on this planet Alderaan
70%
Anakin reveals this to the Masters, where they accept Anakin's position in this ruling body, but do not give him the rank of master. The discussion then moves on to the impending battle of this Wookie home world, prompting the Jedi to dispatch their Grandmaster to personally oversee the battle Kashyyyk
70%
After discovering the massacre of the Jedi, Obi-Wan and the Grandmaster set out to end the Sith, with Obi-Wan killing his apprentice and the Grandmaster killing the Chancellor. In this building, which hosts the representatives of the planets under Republican control, the Grandmaster unsuccessfully fights the Chancellor, causing him to go into exile on Dagobah {Senate} Chamber
66%
The Chancellor tells the leadership that his apprentice will take care of them. However, the leadership did not understand what this really meant. Upon arriving, Anakin massacres the Council, saving this leader, who tormented his wife over a decade ago, for last Nute Gunray
64%
While attempting to escape the ship, this device is activated, trapping the Jedi and the chancellor, they are then brought to the ship's bridge as captives {Ray} Shields
62%
With the Count's death and the bleak outcome for Confederate forces in the Outer Rim Sieges, the Separatist Council flees to this Outer Rim world. While there, it is revealed that the Count's death was necessary and that he will soon be replaced by someone more powerful Utapau
62%
Along the way, a Vulture Droid missile explodes, releasing this type of droid onto his Obi-Wan's ship, leading to the destruction of Obi-Wan's astromech R4 along with severe damage to his ship {Buzz} Droids
60%
However, after reactivating it, R2 is caught by two of this kind of battle droid. R2 manages to escape by spilling oil on the two droids and using his boosters to light them on fire B2 {Super} Battle Droid
58%
After the Chancellor is successfully taken by the Confederacy, Anakin Skywalker and Obi-Wan Kenobi are sent to rescue him by boarding this ship, which is the capital ship of the Confederacy during the invasion {Invisible} Hand
53%
Name one of the Clone leaders in the Grand Army of the Republic who successfully executed the order to kill the Jedi on one of the planets above Bacara | Bly | Jag | Neyo
44%
The senator then receives a distress call from Obi-Wan. After managing to rescue the Jedi Grandmaster, he then rescues Obi-Wan aboard this ship. Once onboard, Obi-Wan and the Grandmaster devise a plan to stop the transmission of the order that is being sent from the Jedi's home {Tantive} III
44%
The Jedi manage to free themselves, causing them to fight these two droids, which act as bodyguards for the Confederate general in charge of the invasion. Obi-Wan discovers that decapitation does not destroy the droids IG-100 {MagnaGuards}
43%
In addition to the above, name one of the other members of the council who were killed by Anakin San Hill | Poggle the Lesser | Shu Mai | Cat Miin | Wat Tambor | Rune Haako | Passel Argente | Po Nudo | Tikkes | Rute Gunray | Nak Tun | Denaria Kee
43%
No matching quizzes found
Score Distribution
Percent of People with Each Score
Percentile by Number Answered
Your Score History
You have not taken this quiz